Wiener Studien: Zeitschrift für klassische Philologie, Patristik und lateinische Tradition

Saved in:  
Bibliographic Details
Format: Print Journal
Language:German
Subito Delivery Service: Order now.
Check availability: HBZ Gateway
WorldCat: WorldCat
Interlibrary Loan:Für eine Fernleihe wählen Sie bitte zuerst einen Band oder Aufsatz aus.
Published: Wien Verl. d. Österr. Akad. d. Wiss. 1879-
Wien Köln [u.a.] Böhlau anfangs
In:Year: 1879
Volumes / Articles:Show volumes/articles.
Standardized Subjects / Keyword chains:B Classical philology
B Patristics
B Greek language / Latin
B Literature
Further subjects:B Church fathers (motif)
B Journal
Parallel Edition:Electronic

MARC

LEADER 00000cas a2200000 c 4500
001 129469998
003 DE-627
005 20260207122027.0
007 tu
008 931114c18799999au a| p| 0 |0ger c
015 |a 91,A11,1234  |2 dnb 
016 7 |a 011152168  |2 DE-101 
016 7 |a 202306-4  |2 DE-600 
022 |a 0084-005X 
024 7 |a 00309249  |2 swets 
035 |a (DE-627)129469998 
035 |a (DE-603)047264756 
035 |a (DE-576)014838842 
035 |a (DE-599)ZDB202306-4 
035 |a (OCoLC)1367275691 
035 |a (OCoLC)310473793 
040 |a DE-627  |b ger  |c DE-627  |e rakwb 
041 |a ger 
044 |c XA-AT 
082 0 4 |a 480  |a 880  |q DE-101 
082 0 4 |a 230  |a 870  |q DE-600 
084 |a 1  |a 6,12  |2 ssgn 
084 |a THEO  |q DE-21  |2 fid 
084 |a FA 1000  |2 rvk  |0 (DE-625)rvk/29878: 
084 |a 11.51  |2 bkl 
084 |a 17.00  |2 bkl 
084 |a 18.00  |2 bkl 
084 |a 18.40  |2 bkl 
084 |a 17.70  |2 bkl 
245 0 0 |a Wiener Studien  |b Zeitschrift für klassische Philologie, Patristik und lateinische Tradition  |c Universität Wien, Institut für Klassische Philologie, Mittel- und Neulatein ; Universität Salzburg, Fachbereich Altertumswissenschaft, Corpus Scriptorum Ecclesiasticorum Latinorum ; Institut für Kulturgeschichte der Antike der Österreichischen Akademie der Wissenschaften 
264 3 1 |a Wien  |b Verl. d. Österr. Akad. d. Wiss.  |c 1879- 
264 2 1 |a Wien  |a Köln [u.a.]  |b Böhlau  |c anfangs 
336 |a Text  |b txt  |2 rdacontent 
337 |a ohne Hilfsmittel zu benutzen  |b n  |2 rdamedia 
338 |a Band  |b nc  |2 rdacarrier 
362 0 |a 1.1879 - 60.1942; 61/62.1943/47(1948) - 79.1966; N.F. 1=80.1967 - 20=99.1986; 100.1987 - 
363 0 1 |a 1  |i 1879 
363 1 0 |i 1942  |a 60 
365 |b kart. 
500 |a Herausgebende Organe variieren 
500 |a Zusatz wechselt leicht 
500 |a Repr.: New York, NY : Vaduz; Nendeln, Liechtenstein : Kraus 
583 1 |3 1.1879-74.1961  |a Massenentsäuert  |c 2017  |i METE  |2 pdager  |5 DE-16 
601 |a Zeitschrift 
601 |a Philologie 
601 |a Tradition 
650 4 |a Kirchenväter 
655 7 |a Zeitschrift  |0 (DE-588)4067488-5  |0 (DE-627)10454466X  |0 (DE-576)20917000X  |2 gnd-content 
689 0 0 |d s  |0 (DE-588)4164044-5  |0 (DE-627)105450332  |0 (DE-576)209885637  |2 gnd  |a Klassische Philologie 
689 0 |5 DE-101 
689 1 0 |d s  |0 (DE-588)4075933-7  |0 (DE-627)104106484  |0 (DE-576)209200200  |2 gnd  |a Patristik 
689 1 |5 DE-101 
689 2 0 |d s  |0 (DE-588)4113791-7  |0 (DE-627)105826847  |0 (DE-576)20947937X  |2 gnd  |a Griechisch 
689 2 1 |d s  |0 (DE-588)4114364-4  |0 (DE-627)10582271X  |0 (DE-576)209484012  |2 gnd  |a Latein 
689 2 |5 (DE-627) 
689 3 0 |d s  |0 (DE-588)4035964-5  |0 (DE-627)106245015  |0 (DE-576)209015608  |2 gnd  |a Literatur 
689 3 |5 (DE-627) 
770 0 8 |i Supplement  |t Wiener Studien. Beiheft  |d Wien : Verl. d. Österr. Akad. d. Wiss., 1969  |w (DE-627)129470007  |w (DE-600)202307-6  |w (DE-576)014838850 
772 0 8 |i Supplement zu  |n 1-41 Suppl. zu  |t Zeitschrift für die österreichischen Gymnasien  |d Wien : Hölder, 1850  |w (DE-627)129473464  |w (DE-600)202897-9  |w (DE-576)014851156 
776 1 |x 1813-3924 
776 0 8 |i Erscheint auch als  |n Online-Ausgabe  |t Wiener Studien  |d Wien : Verlag der Österreichischen Akademie der Wissenschaften, 1979  |h Online-Ressource  |w (DE-627)512300593  |w (DE-600)2236096-7  |w (DE-576)254675824  |x 1813-3924  |k Electronic 
889 |w (DE-576)00407971X 
889 |w (DE-627)107407971X 
935 |a mteo  |a IHoeB 
936 r v |a FA 1000  |b Zeitschriften  |k Klassische Philologie. Byzantinistik. Mittellateinische und Neugriechische Philologie. Neulatein  |k Zeitschriften  |0 (DE-627)1273663845  |0 (DE-625)rvk/29878:  |0 (DE-576)203663845 
936 b k |a 11.51  |j Frühes Christentum  |0 (DE-627)106419641 
936 b k |a 17.00  |j Sprach- und Literaturwissenschaft: Allgemeines  |0 (DE-627)106404695 
936 b k |a 18.00  |j Einzelne Sprachen und Literaturen allgemein  |0 (DE-627)106405403 
936 b k |a 18.40  |j Klassische Sprachen und Literaturen: Allgemeines  |0 (DE-627)10642288X 
936 b k |a 17.70  |j Literaturwissenschaft: Allgemeines  |q ARK  |0 (DE-627)106402722 
936 s n |a f100  |2 mzub 
951 |a JT 
ACO |a 1 
CAN |a 1  |c 1 
ELC |b 1 
ITA |a 1  |t 1 
LOK |0 000 xxxxxcy a22 3n 4500 
LOK |0 001 2481046722 
LOK |0 003 DE-627 
LOK |0 004 129469998 
LOK |0 005 20031029000000 
LOK |0 008 880928||||||||||||||||ger||||||| 
LOK |0 035   |a (DE-600)011651431 
LOK |0 040   |a DE-21  |c DE-627  |d DE-21 
LOK |0 092   |u 030 
LOK |0 852   |8 1 
LOK |0 852   |a DE-21 
LOK |0 852 1  |c Ah III 18 a  |9 00 
LOK |0 85900  |8 1.1  |a 1  |i 1879 
LOK |0 85910  |8 1.2  |a 79  |i 1966 
LOK |0 86630  |a 1.1879 - 79.1966 
LOK |0 866 0  |z ZLS-WZ 
LOK |0 939   |a 1988-09-28  |b z01 
LOK |0 000 xxxxxcy a22 3n 4500 
LOK |0 001 2481046730 
LOK |0 003 DE-627 
LOK |0 004 129469998 
LOK |0 005 20031029000000 
LOK |0 008 010222||||||||||||||||ger||||||| 
LOK |0 035   |a (DE-600)01165144X 
LOK |0 040   |a DE-21  |c DE-627  |d DE-21 
LOK |0 092   |u 030 
LOK |0 852   |8 2 
LOK |0 852   |a DE-21 
LOK |0 852 1  |c Ah III 18 b  |9 00 
LOK |0 85900  |8 1.1  |a 1  |i 1967 
LOK |0 85910  |8 1.2  |a 20  |i 1986 
LOK |0 86630  |a 1=80.1967 - 20=99.1986  |9 N.F. 
LOK |0 866 0  |z ZLS-WZ 
LOK |0 939   |a 2001-02-22  |b z02 
LOK |0 000 xxxxxcy a22 3n 4500 
LOK |0 001 2481046749 
LOK |0 003 DE-627 
LOK |0 004 129469998 
LOK |0 005 20171212132849 
LOK |0 008 010222||||||||||||||||ger||||||| 
LOK |0 035   |a (DE-600)011651458 
LOK |0 040   |a DE-21  |c DE-627  |d DE-21 
LOK |0 092   |o l  |u 030 
LOK |0 852   |8 3 
LOK |0 852   |a DE-21 
LOK |0 852 1  |c ZA 7360  |9 00 
LOK |0 85901  |8 1.1  |a 100  |i 1987 
LOK |0 86630  |a 100.1987 - 121.2008; 123.2010 - 
LOK |0 866 0  |z ZLS-WZ 
LOK |0 939   |a 1999-12-03  |b z03 
LOK |0 000 xxxxxcy a22 3n 4500 
LOK |0 001 2481046757 
LOK |0 003 DE-627 
LOK |0 004 129469998 
LOK |0 005 20200204114821 
LOK |0 008 880930||||||||||||||||ger||||||| 
LOK |0 035   |a (DE-600)011651466 
LOK |0 040   |a DE-21-45  |c DE-627  |d DE-21-45 
LOK |0 092   |o n 
LOK |0 852   |8 1 
LOK |0 852   |a DE-21-45 
LOK |0 852 1  |c Z 430  |9 00 
LOK |0 85901  |8 1.1  |a 1  |i 1879 
LOK |0 86630  |a 1.1879 - 
LOK |0 939   |a 1999-12-03  |b z01 
ORI |a TA-MARC-ixtheob001.raw 
REF |a Griechische Literatur,Lateinische Literatur 
REL |a 1 
SPR |a 1  |b 1  |t IXT  |t REL 
STA 0 0 |a Church fathers (motif),Church fathers,Fathers of the Church,Patristic theology,Classical philology,Greek language,Ancient Greek language,Classical Greek language,Koine-Greek language,Latin,Literature,Literature,Belles-lettres,Patristics 
STB 0 0 |a Grec,Latin,Littérature,Littérature,Patristique,Philologie classique,Lettres classiques,Lettres classiques,Pères de l'Église (motif),Pères de l'Église 
STC 0 0 |a Filología clásica,Griego,Latín,Literatura,Literatura,Padres de la Iglesia,Patrística 
STD 0 0 |a Filologia classica,Greco,Latino,Letteratura,Letteratura,Padri della Chiesa,Patristica 
STE 0 0 |a 古典语文学,古典语言学,希腊语,希腊文,拉丁文,教会,基督教早期教父,教父学,古基督教著作研究,文学 
STF 0 0 |a 古典語文學,古典語言學,希臘語,希臘文,拉丁文,教會,基督教早期教父,教父學,古基督教著作研究,文學 
STG 0 0 |a Filologia clássica,Grego,Latim,Literatura,Literatura,Padres da Igreja,Patrística 
STH 0 0 |a Греческий (язык),Классическая филология,Латынь,Литература (мотив),Литература,Отцы церкви,Патристика 
STI 0 0 |a Εκκλησιαστικοί Πατέρες,Πατέρες της Εκκλησίας,Ελληνική γλώσσα,Κλασική φιλολογία,Λατινικά,Λογοτεχνία (μοτιβο),Λογοτεχνία,Πατρολογία 
SUB |a REL 
SYE 0 0 |a Kirchenvater 
SYG 0 0 |a Altphilologie , Patrologie , Altgriechisch,Klassisches Griechisch,Hellenisch , Lateinisch,Lateinische Sprache , Belletristik,Dichtung,Literarisches Kunstwerk,Schöne Literatur,Sprachkunst,Sprachliches Kunstwerk,Wortkunst,Belletristik,Dichtung,Schöne Literatur,Sprachkunst,Wortkunst